| 000 | 00693nam a22001337a 4500 | ||
|---|---|---|---|
| 040 | _cRUA | ||
| 082 | _aAGR ATH 2017 B644 Or.1 | ||
| 100 | _aATH KATH អាត កាត់ | ||
| 245 | _acomp arison of urea fertilizer rates on bunching onion (allium fistulosum l.) in peam chor district,preyveng province ការប្រៀបធឪបកម្រិតជីអ៊ុយរ៉េលើដំណាំខ្ទឹមស្លឹកនៅស្រុកពាមជរ ខេត្ដព្រៃវែង | ||
| 260 |
_aphnom penh _brua _c2017 |
||
| 300 |
_ax;49p; _bill; _c29cm; |
||
| 856 | _uhttps://drive.google.com/file/d/1vmBUgkITB_OEUDv6Wekaixvsg3I-Ovrz/view?usp=sharing | ||
| 942 | _cAGR | ||
| 999 |
_c18175 _d18175 |
||